[Event "BCF-chT2a 1213 (4NCL)"]
[Site "England"]
[Date "2013.01.13"]
[Round "4.45"]
[White "Trevelyan, John"]
[Black "Jenks, Chris Bruce"]
[Result "1-0"]
[WhiteElo "2129"]
[BlackElo "2135"]
[PlyCount "61"]
[EventDate "2012.11.03"]
[EventType "team-tourn"]
[EventRounds "7"]
[EventCountry "ENG"]
[SourceTitle "EXT 2014"]
[Source "ChessBase"]
[SourceDate "2013.11.20"]
[SourceVersion "1"]
[SourceVersionDate "2013.11.20"]
[SourceQuality "1"]
[WhiteTeam "Rhyfelwyr Essyllwg"]
[BlackTeam "Wessex"]
[WhiteTeamCountry "ENG"]
[BlackTeamCountry "ENG"]

1. d4 Nf6 2. c4 c5 3. e3 g6 4. Nc3 Bg7 5. Bd3 0-0 6. d5 d6 7. f4 Na6 8. Nf3 Bg4 9. 0-0 Nc7 10. h3 Bxf3 11. Qxf3 a6 12. e4 Qd7 13. Bd2 Rab8 14. Rae1 e6 15. g4 exd5 16. exd5 Rfe8 17. f5 Rxe1 18. Bxe1 g5 19. h4 h6 20. Kg2 Qe7 21. Bd2 Nd7 22. hxg5 hxg5 23. f6 Qxf6 24. Qe4 Qd4 25. Bxg5 Ne5 26. Qh7+ Kf8 27. Be2 Re8 28. Rf4 Qe3 29. Rf5 Qd4 30. Bh6 Nd7 31. Qh8+ 1-0

[Event "BCF-chT2a 1213 (4NCL)"]
[Site "England"]
[Date "2013.01.12"]
[Round "3.35"]
[White "Jenks, Chris Bruce"]
[Black "Rosen, Daniel B"]
[Result "1-0"]
[WhiteElo "2135"]
[BlackElo "2085"]
[PlyCount "89"]
[EventDate "2012.11.03"]
[EventType "team-tourn"]
[EventRounds "7"]
[EventCountry "ENG"]
[SourceTitle "EXT 2014"]
[Source "ChessBase"]
[SourceDate "2013.11.20"]
[SourceVersion "1"]
[SourceVersionDate "2013.11.20"]
[SourceQuality "1"]
[WhiteTeam "Wessex"]
[BlackTeam "Poisoned Pawns"]
[WhiteTeamCountry "ENG"]
[BlackTeamCountry "ENG"]

1. Nf3 d6 2. d4 g6 3. e4 Bg7 4. Be3 Nc6 5. Nc3 Bg4 6. Be2 Nf6 7. Qd2 a6 8. Rd1 Bxf3 9. Bxf3 e5 10. d5 Nb8 11. g4 h5 12. g5 Ng8 13. h4 Ne7 14. Bg2 Nd7 15. 0-0 0-0 16. Bh3 Kh7 17. Ne2 f5 18. gxf6 Bxf6 19. Bg5 Ng8 20. f4 exf4 21. Qxf4 Ne5 22. Nd4 Bxg5 23. Qxg5 Rf6 24. Ne6 Qe7 25. Rxf6 Qxf6 26. Qxf6 Nxf6 27. Nxc7 Rb8 28. Ne6 Nxe4 29. Rf1 Nd2 30. Ng5+ Kg7 31. Rf2 Ndc4 32. b3 Ne3 33. c4 b5 34. Re2 Nd1 35. c5 Nc3 36. Rxe5 dxe5 37. d6 Ne2+ 38. Kf2 Nd4 39. Ne6+ Nxe6 40. Bxe6 Kf6 41. Bh3 Rd8 42. Ke3 g5 43. hxg5+ Kxg5 44. Ke4 Kf6 45. Kd5 1-0

[Event "Bournemouth op"]
[Site "Bournemouth"]
[Date "2012.04.22"]
[Round "5"]
[White "Krzyzanowski, Patryk"]
[Black "Jenks, Chris Bruce"]
[Result "1/2-1/2"]
[WhiteElo "2017"]
[BlackElo "2157"]
[PlyCount "123"]
[EventDate "2012.04.20"]
[EventType "swiss"]
[EventRounds "5"]
[EventCountry "ENG"]
[SourceTitle "CBM 148 Extra"]
[Source "ChessBase"]
[SourceDate "2012.06.22"]
[SourceVersion "1"]
[SourceVersionDate "2012.06.22"]
[SourceQuality "1"]

1. d4 Nf6 2. c4 c5 3. d5 b5 4. cxb5 a6 5. b6 Qxb6 6. Nc3 d6 7. e4 g6 8. Be2 Bg7 9. Nf3 0-0 10. 0-0 Ne8 11. Nd2 Nd7 12. Nc4 Qc7 13. Bg5 Ne5 14. f4 Nxc4 15. Bxc4 Rb8 16. Qd2 Bd4+ 17. Kh1 f6 18. Bh6 Ng7 19. Rab1 Qa5 20. Qd3 Bd7 21. f5 Rf7 22. fxg6 hxg6 23. Bd2 f5 24. Ne2 fxe4 25. Qxd4 cxd4 26. Bxa5 Rxf1+ 27. Rxf1 Nf5 28. b3 d3 29. Nc3 Ne3 30. Re1 Nxc4 31. bxc4 d2 32. Ra1 e3 33. Nd1 e2 34. Bxd2 exd1Q+ 35. Rxd1 Bf5 36. Bg5 Kf7 37. Re1 Rb1 38. Bc1 Bd3 39. Kg1 Bxc4 40. a3 Bxd5 41. Kf2 e5 42. g4 Ke6 43. h4 Rb3 44. Re3 a5 45. Rxb3 Bxb3 46. h5 gxh5 47. gxh5 a4 48. h6 Bc2 49. Ke3 Bh7 50. Kd2 Kd5 51. Kc3 Kc5 52. Bg5 d5 53. Be7+ Kc6 54. Bf6 d4+ 55. Kc4 Bg8+ 56. Kb4 Kd5 57. Kxa4 e4 58. Kb3 e3 59. Kc2 Ke4 60. Bxd4 Kxd4 61. Kd1 Kc3 62. Ke2 1/2-1/2

[Event "Bournemouth op"]
[Site "Bournemouth"]
[Date "2012.04.21"]
[Round "3"]
[White "Williams, Simon Kim"]
[Black "Jenks, Chris Bruce"]
[Result "1-0"]
[WhiteElo "2506"]
[BlackElo "2157"]
[PlyCount "77"]
[EventDate "2012.04.20"]
[EventType "swiss"]
[EventRounds "5"]
[EventCountry "ENG"]
[SourceTitle "CBM 148 Extra"]
[Source "ChessBase"]
[SourceDate "2012.06.22"]
[SourceVersion "1"]
[SourceVersionDate "2012.06.22"]
[SourceQuality "1"]

1. d4 Nf6 2. c4 c5 3. d5 b5 4. cxb5 a6 5. Nc3 axb5 6. e4 b4 7. Nb5 d6 8. Bc4 Nbd7 9. Nf3 Nb6 10. Bd3 g6 11. b3 Bg7 12. Bb2 0-0 13. 0-0 Ba6 14. Qe2 Qd7 15. a4 bxa3 16. Rxa3 Bb7 17. Rfa1 Rxa3 18. Rxa3 Ra8 19. Rxa8+ Nxa8 20. Qe1 Nxd5 21. Bxg7 Nf4 22. Bh6 Nxd3 23. Qc3 Ne5 24. Nxe5 dxe5 25. f3 Nc7 26. Qxe5 Ne8 27. Qxc5 f6 28. Qc4+ e6 29. Qc5 Ng7 30. Nd6 g5 31. h3 e5 32. Bxg7 Kxg7 33. b4 h5 34. b5 g4 35. hxg4 hxg4 36. Nf5+ Kg6 37. Qf8 gxf3 38. Qg8+ Kh5 39. g4# 1-0

[Event "BCF-chT3 1112 (4NCL)"]
[Site "England"]
[Date "2012.04.01"]
[Round "8.24"]
[White "Jenks, Chris Bruce"]
[Black "Purdon, Colin"]
[Result "1/2-1/2"]
[WhiteElo "2157"]
[BlackElo "2093"]
[PlyCount "111"]
[EventDate "2011.11.12"]
[EventType "team-swiss"]
[EventRounds "11"]
[EventCountry "ENG"]
[SourceTitle "EXT 2013"]
[Source "ChessBase"]
[SourceDate "2012.11.22"]
[SourceVersion "1"]
[SourceVersionDate "2012.11.22"]
[SourceQuality "1"]
[WhiteTeam "Wessex"]
[BlackTeam "AMCA Rhinos"]
[WhiteTeamCountry "ENG"]
[BlackTeamCountry "ENG"]

1. c4 f5 2. g3 Nf6 3. Bg2 e6 4. b3 Be7 5. Bb2 0-0 6. d3 d6 7. e3 Qe8 8. Nc3 Nc6 9. Nge2 e5 10. Nd5 Bd8 11. 0-0 a5 12. f4 Nb4 13. Nxb4 axb4 14. Qd2 c5 15. a3 bxa3 16. Rxa3 Rxa3 17. Bxa3 b6 18. Bb2 Bd7 19. Nc3 Bc6 20. Bxc6 Qxc6 21. fxe5 Ng4 22. e4 Nxe5 23. Nd5 Qd7 24. Bxe5 dxe5 25. Qe3 h6 26. exf5 Rxf5 27. Qe4 Rxf1+ 28. Kxf1 Qh3+ 29. Kg1 Qh5 30. Kg2 Qg5 31. Qe3 Qf5 32. Qf3 Qg5 33. Ne3 Bf6 34. h4 Qg6 35. Qf5 Qxf5 36. Nxf5 h5 37. Ne3 Kf7 38. Kf3 Ke6 39. Ke4 g6 40. Kf3 Bd8 41. Ke4 Be7 42. Kf3 Bd8 43. Kg2 Be7 44. Nd5 Bd8 45. Kf2 b5 46. Kf3 bxc4 47. dxc4 Ba5 48. Ne3 Bd8 49. Ke4 Be7 50. Nd1 Bd8 51. Ke3 Kf5 52. Nf2 Be7 53. Kf3 Bd8 54. Ne4 Be7 55. Nc3 Bd6 56. Ne4 1/2-1/2

[Event "BCF-chT3S 1112 (4NCL)"]
[Site "England"]
[Date "2011.11.13"]
[Round "2.1"]
[White "Jenks, Chris Bruce"]
[Black "Vachtfeidl, Petr"]
[Result "1-0"]
[WhiteElo "2157"]
[BlackElo "1969"]
[PlyCount "135"]
[EventDate "2011.11.12"]
[EventType "team-swiss"]
[EventRounds "6"]
[EventCountry "ENG"]
[SourceTitle "EXT 2013"]
[Source "ChessBase"]
[SourceDate "2012.11.22"]
[SourceVersion "1"]
[SourceVersionDate "2012.11.22"]
[SourceQuality "1"]
[WhiteTeam "Wessex"]
[BlackTeam "Metropolitan"]
[WhiteTeamCountry "ENG"]
[BlackTeamCountry "ENG"]

1. c4 g6 2. g3 Bg7 3. Bg2 c5 4. Nc3 Nc6 5. Nf3 e5 6. 0-0 Nge7 7. Ne1 d6 8. Nc2 0-0 9. Rb1 Be6 10. d3 Qd7 11. a3 Bh3 12. b4 Bxg2 13. Kxg2 cxb4 14. axb4 d5 15. b5 Nd8 16. Ba3 d4 17. Bxe7 Qxe7 18. Nd5 Qd6 19. Qd2 Ne6 20. Qb4 Qxb4 21. Ncxb4 f5 22. Ra1 Rfd8 23. Ra2 Bf8 24. e4 fxe4 25. dxe4 Bxb4 26. Nxb4 Nc5 27. f3 a6 28. bxa6 Nxa6 29. Nd3 Re8 30. Rb1 Rac8 31. Rxb7 Nc5 32. Nxc5 Rxc5 33. Raa7 Rxc4 34. Rg7+ Kh8 35. Rxh7+ Kg8 36. Rag7+ Kf8 37. Rxg6 Rc2+ 38. Kf1 d3 39. Rh8+ Kf7 40. Rxe8 Kxg6 41. Re6+ Kf7 42. Rd6 Rxh2 43. Rxd3 Kf6 44. Re3 Kg5 45. Re2 Rh1+ 46. Kf2 Ra1 47. Rd2 Ra3 48. Ke2 Rb3 49. Rd3 Rb2+ 50. Ke3 Rg2 51. Rd5 Kf6 52. Rd6+ Kf7 53. g4 Ke7 54. Rd2 Rg1 55. Kf2 Ra1 56. Kg3 Kf6 57. Rh2 Rg1+ 58. Kf2 Ra1 59. Rh6+ Kf7 60. Rh5 Kf6 61. Rf5+ Ke6 62. Kg3 Rh1 63. g5 Rg1+ 64. Kh4 Rh1+ 65. Kg4 Rh2 66. Rf6+ Ke7 67. Kf5 Rg2 68. Re6+ 1-0

[Event "GBR-ch 98th"]
[Site "Sheffield"]
[Date "2011.08.02"]
[Round "8"]
[White "Chapman, Terry PD"]
[Black "Jenks, Chris Bruce"]
[Result "1/2-1/2"]
[WhiteElo "2242"]
[BlackElo "2146"]
[PlyCount "77"]
[EventDate "2011.07.24"]
[EventType "swiss"]
[EventRounds "11"]
[EventCountry "ENG"]
[SourceTitle "CBM 143 Extra"]
[Source "ChessBase"]
[SourceDate "2011.08.29"]
[SourceVersion "1"]
[SourceVersionDate "2011.08.29"]
[SourceQuality "1"]

1. Nf3 c5 2. c4 g6 3. d4 cxd4 4. Nxd4 Bg7 5. e4 Nc6 6. Be3 Nf6 7. Nc3 0-0 8. Be2 d6 9. 0-0 a5 10. Rb1 a4 11. Qd2 Qa5 12. Rfd1 Nxd4 13. Bxd4 Be6 14. f3 Rfc8 15. b3 axb3 16. axb3 Nd7 17. Bxg7 Kxg7 18. Nb5 Qxd2 19. Rxd2 Ra5 20. Kf2 Ne5 21. Nd4 Nc6 22. Nxc6 Rxc6 23. b4 Ra7 24. Rc2 b6 25. g4 Rc8 26. Bd3 Ra3 27. Ke2 Kf6 28. Rbc1 g5 29. c5 bxc5 30. bxc5 dxc5 31. Rxc5 Ra2+ 32. R5c2 Rcxc2+ 33. Rxc2 Rxc2+ 34. Bxc2 Ke5 35. Ke3 f6 36. Ba4 Bf7 37. Bd1 h5 38. gxh5 Bxh5 39. h4 1/2-1/2

[Event "GBR-ch 98th"]
[Site "Sheffield"]
[Date "2011.07.29"]
[Round "5"]
[White "Jenks, Chris Bruce"]
[Black "Buckley, Graeme N"]
[Result "0-1"]
[WhiteElo "2146"]
[BlackElo "2380"]
[PlyCount "66"]
[EventDate "2011.07.24"]
[EventType "swiss"]
[EventRounds "11"]
[EventCountry "ENG"]
[SourceTitle "CBM 143 Extra"]
[Source "ChessBase"]
[SourceDate "2011.08.29"]
[SourceVersion "1"]
[SourceVersionDate "2011.08.29"]
[SourceQuality "1"]

1. Nf3 Nf6 2. c4 c5 3. g3 b6 4. Bg2 Bb7 5. 0-0 e6 6. b3 Be7 7. Bb2 Qc7 8. d3 0-0 9. Nbd2 Nc6 10. a3 Rad8 11. Qc2 a6 12. Rac1 Qb8 13. Qb1 Rfe8 14. Qa1 b5 15. Rfd1 d5 16. d4 dxc4 17. bxc4 cxd4 18. cxb5 axb5 19. Nxd4 Nxd4 20. Bxd4 Bxg2 21. Kxg2 Bxa3 22. Rb1 e5 23. Be3 Qa8+ 24. Kg1 Rb8 25. Rb3 b4 26. Nc4 Qa6 27. Nxe5 Qxe2 28. Nd7 Nxd7 29. Rxd7 Qc2 30. Rbd3 b3 31. Rxf7 b2 32. Rxg7+ Kxg7 33. Rd7+ Kg6 0-1

[Event "GBR-ch 98th"]
[Site "Sheffield"]
[Date "2011.07.28"]
[Round "4"]
[White "Longson, Sarah N"]
[Black "Jenks, Chris Bruce"]
[Result "1/2-1/2"]
[WhiteElo "2065"]
[BlackElo "2146"]
[PlyCount "43"]
[EventDate "2011.07.24"]
[EventType "swiss"]
[EventRounds "11"]
[EventCountry "ENG"]
[SourceTitle "CBM 143 Extra"]
[Source "ChessBase"]
[SourceDate "2011.08.29"]
[SourceVersion "1"]
[SourceVersionDate "2011.08.29"]
[SourceQuality "1"]

1. e4 c5 2. Nf3 g6 3. d4 cxd4 4. Nxd4 Bg7 5. Nc3 Nc6 6. Be3 Nf6 7. f3 0-0 8. Qd2 d5 9. exd5 Nxd5 10. Nxc6 bxc6 11. Bd4 Nxc3 12. Bxg7 Qxd2+ 13. Kxd2 Ne4+ 14. fxe4 Rd8+ 15. Kc3 Kxg7 16. Bc4 e5 17. Rae1 Rb8 18. Rhf1 Rb7 19. Re3 Rd6 20. Ref3 f6 21. h3 h5 22. R3f2 1/2-1/2

[Event "BCF-chT2 1011 (4NCL)"]
[Site "England"]
[Date "2011.02.20"]
[Round "6.74"]
[White "Collier, David"]
[Black "Jenks, Chris Bruce"]
[Result "1/2-1/2"]
[WhiteElo "2108"]
[BlackElo "2123"]
[PlyCount "76"]
[EventDate "2010.11.06"]
[EventType "team-swiss"]
[EventRounds "11"]
[EventCountry "ENG"]
[SourceTitle "EXT 2012"]
[Source "ChessBase"]
[SourceDate "2011.11.24"]
[SourceVersion "1"]
[SourceVersionDate "2011.11.24"]
[SourceQuality "1"]
[WhiteTeam "Bristol"]
[BlackTeam "Wessex"]
[WhiteTeamCountry "ENG"]
[BlackTeamCountry "ENG"]

1. Nf3 c5 2. c4 g6 3. Nc3 Bg7 4. d4 cxd4 5. Nxd4 Nc6 6. Nxc6 dxc6 7. Qxd8+ Kxd8 8. Bf4 Bxc3+ 9. bxc3 f6 10. 0-0-0+ Ke8 11. e4 e5 12. Be3 Be6 13. Be2 Ne7 14. Rd2 Kf7 15. Rhd1 Rhc8 16. c5 b5 17. f4 exf4 18. Bxf4 a5 19. Rf1 b4 20. c4 Rd8 21. Be5 Ng8 22. Bd6 h5 23. h3 h4 24. Rfd1 Ne7 25. Rf1 Rd7 26. Rfd1 a4 27. Bf4 Rad8 28. Rxd7 Rxd7 29. Rxd7 Bxd7 30. Bd2 f5 31. exf5 Nxf5 32. Bxb4 Ne3 33. Bf3 Nxc4 34. Bc3 g5 35. Bd4 Kg6 36. Be4+ Kh5 37. Bf3+ Kg6 38. Be4+ Kh5 1/2-1/2

[Event "GBR-ch 98th"]
[Site "Sheffield"]
[Date "2011.??.??"]
[Round "11"]
[White "Jenks, Chris Bruce"]
[Black "Krzyzanowski, Patryk"]
[Result "1/2-1/2"]
[WhiteElo "2146"]
[BlackElo "1996"]
[PlyCount "25"]
[EventDate "2011.07.24"]
[EventType "swiss"]
[EventRounds "11"]
[EventCountry "ENG"]
[SourceTitle "CBM 143 Extra"]
[Source "ChessBase"]
[SourceDate "2011.08.29"]
[SourceVersion "1"]
[SourceVersionDate "2011.08.29"]
[SourceQuality "1"]

1. d4 Nf6 2. Bf4 e6 3. e3 c5 4. c3 b6 5. Nf3 Be7 6. Nbd2 Bb7 7. Bd3 cxd4 8. exd4 0-0 9. 0-0 d6 10. h3 Nbd7 11. Re1 Re8 12. Qc2 a6 13. Re2 1/2-1/2

[Event "Paignton Bruce Premier"]
[Site "Paignton"]
[Date "2010.09.11"]
[Round "7"]
[White "Simons, Martin J"]
[Black "Jenks, Chris Bruce"]
[Result "1/2-1/2"]
[WhiteElo "2178"]
[BlackElo "2124"]
[PlyCount "56"]
[EventDate "2010.09.05"]
[EventType "swiss"]
[EventRounds "7"]
[EventCountry "ENG"]
[SourceTitle "EXT 2023"]
[Source "ChessBase"]
[SourceDate "2022.10.05"]
[SourceVersion "1"]
[SourceVersionDate "2022.10.05"]
[SourceQuality "1"]

1. e4 c5 2. Nf3 g6 3. d4 cxd4 4. Nxd4 Bg7 5. Nc3 Nc6 6. Nde2 Nf6 7. g3 0-0 8. Bg2 Rb8 9. Nd5 b5 10. 0-0 Ne8 11. c3 a5 12. Nd4 b4 13. Bg5 f6 14. Bd2 Ba6 15. Re1 Ne5 16. Bf4 Nc6 17. Ne3 bxc3 18. bxc3 Nd6 19. Qa4 Qc7 20. Nb3 Rfc8 21. Red1 Nf7 22. Qxa5 Qxa5 23. Nxa5 Rb6 24. Ng4 f5 25. Ne5 Bxe5 26. Bxe5 Nfxe5 27. Nb3 fxe4 28. Bxe4 d5 1/2-1/2

[Event "BCF-chT3 0910 (4NCL)"]
[Site "England"]
[Date "2010.02.21"]
[Round "6.1"]
[White "Crouch, Colin S"]
[Black "Jenks, Chris Bruce"]
[Result "1-0"]
[WhiteElo "2342"]
[BlackElo "2127"]
[PlyCount "41"]
[EventDate "2009.10.24"]
[EventType "team-tourn"]
[EventRounds "11"]
[EventCountry "ENG"]
[SourceTitle "EXT 2011"]
[Source "ChessBase"]
[SourceDate "2010.11.26"]
[SourceVersion "1"]
[SourceVersionDate "2010.11.26"]
[SourceQuality "1"]
[WhiteTeam "Braille Chess Association"]
[BlackTeam "Wessex II"]
[WhiteTeamCountry "ENG"]
[BlackTeamCountry "ENG"]

1. d4 Nf6 2. Nf3 g6 3. Bg5 Bg7 4. Nbd2 d5 5. e3 0-0 6. Bd3 b6 7. Qe2 Bb7 8. e4 dxe4 9. Nxe4 Nbd7 10. 0-0-0 Nxe4 11. Bxe4 Bxe4 12. Qxe4 Nf6 13. Qd3 Qd5 14. c4 Qa5 15. Kb1 c5 16. Rhe1 e6 17. Ne5 Rfc8 18. Qf3 Ne8 19. Qxf7+ Kh8 20. Nxg6+ hxg6 21. Re3 1-0

[Event "BCF-chT2a 0910 (4NCL)"]
[Site "England"]
[Date "2009.10.25"]
[Round "2.6"]
[White "Jenks, Chris Bruce"]
[Black "MacKenzie, Colin"]
[Result "0-1"]
[WhiteElo "2127"]
[BlackElo "2120"]
[PlyCount "74"]
[EventDate "2009.10.24"]
[EventType "team-tourn"]
[EventRounds "7"]
[EventCountry "ENG"]
[SourceTitle "EXT 2010"]
[Source "ChessBase"]
[SourceDate "2010.11.25"]
[SourceVersion "1"]
[SourceVersionDate "2010.11.25"]
[SourceQuality "1"]
[WhiteTeam "Wessex"]
[BlackTeam "Kings Head"]
[WhiteTeamCountry "ENG"]
[BlackTeamCountry "ENG"]

1. d4 e6 2. Nf3 Nf6 3. Bg5 Be7 4. e3 d6 5. Nbd2 Nbd7 6. Be2 0-0 7. 0-0 c5 8. c3 b6 9. h3 Bb7 10. Re1 Re8 11. Qc2 Rc8 12. Rad1 Qc7 13. Bf4 Qb8 14. Nc4 b5 15. Na5 Be4 16. Qd2 c4 17. b4 cxb3 18. axb3 Nd5 19. Bxb5 Qxb5 20. c4 Qb6 21. cxd5 Rc2 22. dxe6 fxe6 23. Nc4 Rxd2 24. Nfxd2 Qb7 25. f3 d5 26. fxe4 dxc4 27. bxc4 e5 28. Bg3 exd4 29. exd4 Qb4 30. Bf4 Bh4 31. Re2 Nb6 32. Rc1 Qb2 33. Rb1 Qxd4+ 34. Kh2 Qd3 35. c5 Qxe2 36. cxb6 axb6 37. Rxb6 Qf2 0-1

[Event "Paington op"]
[Site "Paington"]
[Date "2008.09.05"]
[Round "6"]
[White "Jenks, Chris Bruce"]
[Black "Gregory, Keith D"]
[Result "1-0"]
[WhiteElo "2137"]
[BlackElo "2074"]
[PlyCount "101"]
[EventDate "2008.08.31"]
[EventType "swiss"]
[EventRounds "7"]
[EventCountry "ENG"]
[SourceTitle "EXT 2010"]
[Source "ChessBase"]
[SourceDate "2010.11.25"]
[SourceVersion "1"]
[SourceVersionDate "2010.11.25"]
[SourceQuality "1"]

1. d4 d6 2. Nf3 g6 3. c4 Bg7 4. Nc3 Nd7 5. Bg5 h6 6. Bh4 c5 7. e3 Ngf6 8. Be2 0-0 9. 0-0 b6 10. Re1 a6 11. h3 Qc7 12. a4 Rb8 13. Bf1 Re8 14. Qd2 Bb7 15. d5 e6 16. dxe6 Rxe6 17. Rad1 Ne4 18. Nxe4 Bxe4 19. Bg3 Bxf3 20. gxf3 Ne5 21. Be2 Rd8 22. f4 Nc6 23. Bg4 f5 24. Bf3 Nb4 25. Bh4 Rde8 26. b3 Kh7 27. Kh1 b5 28. axb5 axb5 29. Rg1 Bh8 30. Rg2 Qa7 31. Rdg1 Rg8 32. cxb5 d5 33. Bxd5 Qd7 34. Rd1 Qxd5 35. Qxd5 Nxd5 36. Rxd5 Rg7 37. Bd8 Rb7 38. Rxc5 Bf6 39. Rc7+ Rxc7 40. Bxc7 Re4 41. Bd6 Be7 42. Bxe7 Rxe7 43. Rg1 Rb7 44. Rb1 Rxb5 45. b4 g5 46. fxg5 hxg5 47. Kg2 Kg6 48. Kg3 Kh5 49. f4 gxf4+ 50. Kxf4 Kh4 51. Rb3 1-0

[Event "Paington op"]
[Site "Paington"]
[Date "2008.09.01"]
[Round "2"]
[White "Jenks, Chris Bruce"]
[Black "Marshall, Michael"]
[Result "1/2-1/2"]
[WhiteElo "2137"]
[BlackElo "1917"]
[PlyCount "71"]
[EventDate "2008.08.31"]
[EventType "swiss"]
[EventRounds "7"]
[EventCountry "ENG"]
[SourceTitle "EXT 2010"]
[Source "ChessBase"]
[SourceDate "2010.11.25"]
[SourceVersion "1"]
[SourceVersionDate "2010.11.25"]
[SourceQuality "1"]

1. d4 d5 2. Bf4 Nf6 3. e3 e6 4. Nf3 c5 5. c3 Nc6 6. Nbd2 Bd6 7. Ne5 0-0 8. Bd3 Qc7 9. Ndf3 a6 10. h4 b5 11. g4 Bb7 12. h5 Rac8 13. g5 Ne4 14. g6 f6 15. gxh7+ Kxh7 16. h6 fxe5 17. Ng5+ Kg8 18. Nxe6 Qf7 19. Qg4 g6 20. Bxe4 dxe4 21. dxc5 Be7 22. Bg3 Qf5 23. Qxf5 Rxf5 24. 0-0-0 Nb8 25. Ng7 Rf7 26. b4 Kh7 27. Bxe5 Bf6 28. Ne6 Re8 29. Bxf6 Rxf6 30. Ng5+ Kh8 31. Rd6 Rxd6 32. Nf7+ Kh7 33. cxd6 Nd7 34. Ng5+ Kh8 35. Nf7+ Kh7 36. Ng5+ 1/2-1/2

[Event "BCF-chT2 0708 (4NCL)"]
[Site "Sunningdale"]
[Date "2008.05.04"]
[Round "10.6"]
[White "Townsend, M Paul"]
[Black "Jenks, Chris Bruce"]
[Result "1/2-1/2"]
[WhiteElo "2214"]
[BlackElo "2137"]
[PlyCount "102"]
[EventDate "2007.09.15"]
[EventType "team-tourn"]
[EventRounds "11"]
[EventCountry "ENG"]
[SourceTitle "EXT 2023"]
[Source "ChessBase"]
[SourceDate "2022.10.05"]
[SourceVersion "1"]
[SourceVersionDate "2022.10.05"]
[SourceQuality "1"]
[WhiteTeam "White Rose"]
[BlackTeam "Wessex"]
[WhiteTeamCountry "ENG"]
[BlackTeamCountry "ENG"]

1. d4 Nf6 2. c4 c5 3. d5 b5 4. cxb5 a6 5. bxa6 Bxa6 6. Nc3 d6 7. Nf3 g6 8. Nd2 Qa5 9. e4 Bxf1 10. Kxf1 Qa6+ 11. Qe2 Bg7 12. Nc4 0-0 13. g3 Nbd7 14. Kg2 Rfb8 15. Bd2 Nb6 16. b3 Nfd7 17. Nxb6 Qxe2 18. Nxe2 Rxb6 19. Bc3 Ne5 20. Rhb1 Rab8 21. Rd1 f5 22. exf5 gxf5 23. Nf4 Ng6 24. Nxg6 hxg6 25. Rd3 Bxc3 26. Rxc3 Kf7 27. Re1 Rb4 28. Ree3 Ra8 29. a4 g5 30. Rf3 f4 31. Kh3 Kg6 32. gxf4 Rh8+ 33. Kg2 gxf4 34. Rc4 Rxc4 35. bxc4 Kf5 36. Ra3 Ke4 37. a5 Rg8+ 38. Kf1 Kd4 39. Ra4 f3 40. a6 Rb8 41. Ke1 Kc3 42. Ra3+ Kxc4 43. h4 Kxd5 44. h5 Ra8 45. a7 Ke5 46. Kd2 Kf5 47. Ke3 Kg5 48. Kxf3 d5 49. Ra6 Kxh5 50. Kf4 c4 51. Ke5 c3 1/2-1/2

[Event "Dorset op"]
[Site "Weymouth"]
[Date "2007.10.07"]
[Round "4"]
[White "Jenks, Chris Bruce"]
[Black "Ozanne, Mark S"]
[Result "1/2-1/2"]
[WhiteElo "2016"]
[BlackElo "1896"]
[PlyCount "60"]
[EventDate "2007.10.05"]
[EventType "swiss"]
[EventRounds "5"]
[EventCountry "ENG"]
[SourceTitle "CBM 120 Extra"]
[Source "ChessBase"]
[SourceDate "2007.11.01"]
[SourceVersion "1"]
[SourceVersionDate "2007.11.01"]
[SourceQuality "1"]

1. c4 Nf6 2. g3 g6 3. Bg2 Bg7 4. Nc3 0-0 5. b4 d6 6. Rb1 e5 7. d3 Ne8 8. e4 f5 9. Nge2 f4 10. f3 fxg3 11. hxg3 Nf6 12. Be3 Nh5 13. Qd2 Nc6 14. Kf2 Rf7 15. Nd5 Qf8 16. Rh4 Nd4 17. Bxd4 exd4 18. Rbh1 Be5 19. Nef4 Nxg3 20. Kxg3 g5 21. Rh5 gxf4+ 22. Kf2 c6 23. Bh3 cxd5 24. exd5 Rg7 25. Qe1 Qf6 26. Qe4 Qg6 27. Qxg6 hxg6 28. Bxc8 gxh5 29. Be6+ Kf8 30. Rxh5 Ke7 1/2-1/2